Indian consumer : one billion myths, one billion realities (Record no. 183597)
[ view plain ]
| 000 -LEADER | |
|---|---|
| fixed length control field | 00435nam a2200157Ia 4500 |
| 005 - DATE AND TIME OF LATEST TRANSACTION | |
| control field | 20250502105609.0 |
| 008 - FIXED-LENGTH DATA ELEMENTS--GENERAL INFORMATION | |
| fixed length control field | 231217s9999 xx 000 0 und d |
| 020 ## - INTERNATIONAL STANDARD BOOK NUMBER | |
| International Standard Book Number | 9780470822302 |
| 082 ## - DEWEY DECIMAL CLASSIFICATION NUMBER | |
| Classification number | 658.8342 SRI;2 R1 |
| 100 ## - MAIN ENTRY--PERSONAL NAME | |
| Personal name | Srinivas, Alam. |
| 245 #0 - TITLE STATEMENT | |
| Title | Indian consumer : one billion myths, one billion realities |
| 260 ## - PUBLICATION, DISTRIBUTION, ETC. (IMPRINT) | |
| Date of publication, distribution, etc. | 2008 |
| Name of publisher, distributor, etc. | John Wiley & Sons |
| Place of publication, distribution, etc. | USA |
| 300 ## - PHYSICAL DESCRIPTION | |
| Extent | 216 |
| 500 ## - GENERAL NOTE | |
| General note | Content page available |
| 942 ## - ADDED ENTRY ELEMENTS (KOHA) | |
| Koha item type | Books |
| Date last seen | Total Checkouts | Full call number | Accession number | Old discount | Uniform Resource Identifier | Cost, replacement price | Price effective from | Category | Public note | Lost status | Damaged status | Department | Withdrawn status | bill no. | bill date | Permanent Location | Current Location | Shelving location | Entry date | Vendor | Cost, normal purchase price | Grants | Currency symbol | Conversion rate | Discount | Discount type |
|---|---|---|---|---|---|---|---|---|---|---|---|---|---|---|---|---|---|---|---|---|---|---|---|---|---|---|
| 26/01/2024 | 658.8342 SRI;2 R1 | 55046 | digital/contents/50326.pdf | 1127.75 | 26/01/2024 | Books | Missing found 2020 | Central Library | 09/CS/224928 | 08/02/2013 | Central Library | Central Library | MBA | 30/07/2009 | Landmark Limited | 1127.75 | MBA | RS | 1 | Rupees |
